Principles of optics : electromagnetic theory of propagation, interference and diffraction of light (Record no. 8962)

000 -LEADER
fixed length control field 01297 a2200181 4500
020 ## - INTERNATIONAL STANDARD BOOK NUMBER
International Standard Book Number 0521642221
020 ## - INTERNATIONAL STANDARD BOOK NUMBER
International Standard Book Number 0521642221
040 ## - CATALOGING SOURCE
Original cataloging agency DLC
Language of cataloging DLC
100 1# - MAIN ENTRY--PERSONAL NAME
Personal name Born, Max,
245 10 - TITLE STATEMENT
Title Principles of optics : electromagnetic theory of propagation, interference and diffraction of light
Remainder of title electromagnetic theory of propagation, interference and diffraction of light
Statement of responsibility, etc. Max Born and Emil Wolf, A.B. Bhatia
250 ## - EDITION STATEMENT
Edition statement 7th expanded ed.
260 ## - PUBLICATION, DISTRIBUTION, ETC.
Place of publication, distribution, etc. Cambridge ;
-- New York :
Name of publisher, distributor, etc. Cambridge University Press,
Date of publication, distribution, etc. 1999.
300 ## - PHYSICAL DESCRIPTION
Extent xxxiii, 952 p. :
Other physical details ill. ;
Dimensions 26 cm.
520 1# - SUMMARY, ETC.
Summary, etc. "The first ever thoroughly revised and expanded edition of one of the classic books on optics of the twentieth century; new material includes an account of the CAT scan (computerized axial tomography); an expanded section on diffraction, including an account of the Rayleigh-Sommerfeld theory; explanation of effects of spatial coherence on the spectrum of light, illustrated by Young's interference experiment with broad-band light; new chapter on both scalar and electromagnetic scattering; and new appendices include; an account of energy conservation in scalar wavefields Jones' lemma on asymptotic behaviour of certain integrals."--BK JACKET.
650 #0 - SUBJECT ADDED ENTRY--TOPICAL TERM
Topical term or geographic name entry element Optics.
700 1# - ADDED ENTRY--PERSONAL NAME
Personal name Wolf, Emil.
942 ## - ADDED ENTRY ELEMENTS (KOHA)
Koha item type Book
Call number prefix 535 BOR
Source of classification or shelving scheme
Holdings
Withdrawn status Lost status Damaged status Not for loan Collection code Permanent Location Current Location Shelving location Date acquired Source of acquisition Cost, normal purchase price Total Checkouts Full call number Barcode Date last seen Date last checked out Price effective from Koha item type
          Central Library (CL) Central Library (CL) General Stacks 10/13/2006 Academic Book Company 5058.85 1 535 BOR SEECS007618 07/29/2016 01/20/2014 01/05/2017 Book
© 2023 Central Library, National University of Sciences and Technology. All Rights Reserved.